书目信息 |
| 题名: |
兽药分析检测技术
|
|
| 作者: | 刘迎贵 , 方俊天 , 韩漠 主编 | |
| 分册: | ||
| 出版信息: | 北京 化学工业出版社 2007 |
|
| 页数: | 355页 | |
| 开本: | 24cm | |
| 丛书名: | ||
| 单 册: | ||
| 中图分类: | S859.79 | |
| 科图分类: | ||
| 主题词: | 兽医学--药物分析 , 兽医学--药物--检测 | |
| 电子资源: | ||
| ISBN: | 978-7-5025-9235-6 | |
| 000 | 00979nam0 2200289 45 | |
| 001 | 012004095816 | |
| 005 | 20080303092242.73 | |
| 009 | 012004095816 | |
| 010 | @a978-7-5025-9235-6@dCNY39.00 | |
| 035 | @a(110019)012006126839 | |
| 100 | @a20061213d2007 em y0chiy0110 ea | |
| 101 | 0 | @achi |
| 102 | @aCN@b110000 | |
| 105 | @aa z 000yy | |
| 106 | @ar | |
| 200 | 1 | @a兽药分析检测技术@Ashou yao fen xi jian ce ji shu@f刘迎贵,方俊天,韩漠主编 |
| 210 | @a北京@c化学工业出版社@d2007 | |
| 215 | @a355页@c图@d24cm | |
| 330 | @a本书主要介绍了兽药分析基础知识与基本计算、实验室基本操作及重量分析、滴定分析、比色及分光光度、色谱及光谱等常规分析方法,还介绍了中兽药鉴别法、制剂通则检查法和相关检查法等内容。 | |
| 606 | 0 | @a兽医学@x药物分析 |
| 606 | 0 | @a兽医学@x药物@x检测 |
| 690 | @aS859.79@v4 | |
| 701 | 0 | @a刘迎贵@Aliu ying gui@4主编 |
| 701 | 0 | @a方俊天@Afang jun tian@4主编 |
| 701 | 0 | @a韩漠@Ahan mo@4主编 |
| 801 | 0 | @aCN@b110019@c20080303 |
| 905 | @dS859.79@e74@f4 | |
| 兽药分析检测技术/刘迎贵,方俊天,韩漠主编.-北京:化学工业出版社,2007 |
| 355页:图;24cm |
| ISBN 978-7-5025-9235-6:CNY39.00 |
| 本书主要介绍了兽药分析基础知识与基本计算、实验室基本操作及重量分析、滴定分析、比色及分光光度、色谱及光谱等常规分析方法,还介绍了中兽药鉴别法、制剂通则检查法和相关检查法等内容。 |
| ● |
| 相关链接 |
|
|
|
|
正题名:兽药分析检测技术
索取号:S859.79/74
 
预约/预借
| 序号 | 登录号 | 条形码 | 馆藏地/架位号 | 状态 | 备注 |
| 1 | 0614633 | 206146339 | 第二样本阅览室/ [索取号:S859.79/74] | 在馆 | |
| 2 | 0614634 | 206146348 | 第三借阅区/ [索取号:S859.79/74] | 在馆 | |
| 3 | 0614635 | 206146357 | 第三借阅区/ [索取号:S859.79/74] | 在馆 | |
| 4 | 0614636 | 206146366 | 第三借阅区/ [索取号:S859.79/74] | 在馆 |